ՀՀ Գիտությունների ազգային ակադեմիայի հիմնարար գիտական գրադարան  =   Fundamental Scientific Library of NAS RA

Գանձեր Վասպուրականի / (Record no. 136112)

MARC details
000 -LEADER
fixed length control field 00678nam a2200205 a 4500
001 - CONTROL NUMBER
control field 000355170
003 - CONTROL NUMBER IDENTIFIER
control field AM-YeHGA
005 - DATE AND TIME OF LATEST TRANSACTION
control field 20250618072222.0
008 - FIXED-LENGTH DATA ELEMENTS--GENERAL INFORMATION
fixed length control field 040728s1966 |||a 000 | arm d
040 ## - CATALOGING SOURCE
Original cataloging agency AM-YeHGA
041 0# - LANGUAGE CODE
Language code of text/sound track or separate title arm
090 ## - LOCALLY ASSIGNED LC-TYPE CALL NUMBER (OCLC); LOCAL CALL NUMBER (RLIN)
-- 137483
245 10 - TITLE STATEMENT
Title Գանձեր Վասպուրականի /
Statement of responsibility, etc. Ե. Տէր Մկրտիչեան.
260 ## - PUBLICATION, DISTRIBUTION, ETC.
Place of publication, distribution, etc. Պոսթոն :
Name of publisher, distributor, etc. տպ. Պայքար,
Date of publication, distribution, etc. 1966.
300 ## - PHYSICAL DESCRIPTION
Extent Հ. ;
Dimensions 28 սմ.
505 10 - FORMATTED CONTENTS NOTE
Miscellaneous information Հ. 1 (1966, 639էջ, դիմանկ., 1 ծալվ. թ. աղս.)
650 14 - SUBJECT ADDED ENTRY--TOPICAL TERM
Topical term or geographic name entry element Հայոց պատմություն
Geographic subdivision Վասպուրական
650 14 - SUBJECT ADDED ENTRY--TOPICAL TERM
Topical term or geographic name entry element Հայաստանի քաղաքներ
9 (RLIN) 5294
651 #4 - SUBJECT ADDED ENTRY--GEOGRAPHIC NAME
Geographic name Վասպուրական
Holdings
Withdrawn status Lost status Damaged status Not for loan Collection Home library Current library Date acquired Serial enumeration / chronology Total checkouts Full call number Barcode Date last seen Price effective from Koha item type Public note
        General Fundamental Scientific Library Fundamental Scientific Library 22/12/2016 1   AIII/6294 FL0076777 22/12/2016 22/12/2016 Գրքեր / Books 30 Days Loan
        General Fundamental Scientific Library Fundamental Scientific Library 22/12/2016 1   AIII/6295 FL0076778 22/12/2016 22/12/2016 Գրքեր / Books 30 Days Loan
        General Fundamental Scientific Library Fundamental Scientific Library 22/12/2016 1   AIII/6296 FL0076779 22/12/2016 22/12/2016 Գրքեր / Books 30 Days Loan


ՀՀ ԳԱԱ հիմնարար գիտական գրադարան
ՀՀ,Երևան 0019
Մարշալ Բաղրամյան 24/6
հեռախոս:(374-10) 52-47-50
Հետադարձ կապ

All site content, except where otherwise noted, is licensed under a
Creative Commons License